| 000 | 00503nam a2200217Ia 4500 | ||
|---|---|---|---|
| 008 | 170918s9999 xx 000 0 und d | ||
| 020 | _a9780545040464 | ||
| 050 | _bC116 2009 | ||
| 100 | _aCabot, Meg | ||
| 245 | _aStage fright / | ||
| 245 | _cMeg Cabot. | ||
| 260 | _aNew York : | ||
| 260 | _bScholastic, | ||
| 260 | _c2009 | ||
| 300 | _a216 pages : | ||
| 300 | _bcolored illustration ; | ||
| 300 | _c19cm. | ||
| 440 | _aAllie Finkle's rules for girls ; | ||
| 440 | _v4 | ||
| 500 | _a820 | ||
| 999 |
_c342067 _d342067 |
||